Daňovopragmatický

Pokračovanie príspevku z predchádzajúceho čísla. Nevýhody a výhody globalizácie. Finančné toky. Daňové úniky ako dôsledok globalizácie. Globálne príklady zdaňovania zo zahraničia.

Saved in:
Bibliographic Details
Main Author: Burák, Emil
Format: Book Chapter
Language:Slovak
Subjects:
Tags: Add Tag
No Tags, Be the first to tag this record!

MARC

LEADER 00000naa a2200000 4500
001 0220195
005 20221019163842.7
041 0 |a slo 
044 |a SK 
245 1 0 |a Daňovopragmatický  |c Emil Burák 
520 |a Pokračovanie príspevku z predchádzajúceho čísla. Nevýhody a výhody globalizácie. Finančné toky. Daňové úniky ako dôsledok globalizácie. Globálne príklady zdaňovania zo zahraničia. 
610 2 0 |a globalizácia 
610 2 0 |a pojmy 
610 2 0 |a sústava daňová 
610 2 0 |a únik daňový 
100 1 |a Burák, Emil